Extreme Flags V2 #2 - Statistics

General Stats
  • This quiz has been taken 17 times
  • The average score is 4 of 16
Answer Stats
Picture Answer % Correct
Ottoman Empire
82%
Occitania
73%
Kaliningrad
55%
Ile-de-France
36%
Kalmar Union
27%
Mazovia
27%
Circassia
18%
Schleswig
18%
Wessex
18%
Anhalt
9%
Baden
9%
Capetian Dynasty
9%
Carpathian Ruthenia
9%
Courland
9%
Parma
9%
Sardinia-Piedmont
9%
No matching quizzes found
Score Distribution
Percent of People with Each Score
Percentile by Number Answered
Your Score History
You have not taken this quiz